Manual básico de criminología. (Registro nro. 4216)

Detalles MARC
000 -Cabecera
Campo de control de longitud fija 00784aam a2200301 4500
005 - Fecha y hora de la última transacción
Campo de control 20260213193108.0
008 - Elementos de longitud fija--Información general
Campo de control de longitud fija 150407b2013 xxu||||| |||| 00| 0 spa d
020 ## - International Standard Book Number
Número Internacional Estándar del Libro (ISBN) 9583505137
041 ## - Idioma
Código de idioma Español
082 ## - Clasificación Decimal Dewey
Número de clasificación 364 EL37m2
100 ## - Entrada principal--Autor personal
Nombre personal Elbert, Carlos Alberto
9 (RLIN) 4747
245 ## - Título propiamente dicho
Título Manual básico de criminología.
250 ## - Edición
Mención de edición 2 edición
260 ## - Pie de imprenta
Lugar de publicación, distribución, etc. Colombia
260 ## - Pie de imprenta
Nombre del editor, distribuidor, etc. Editorial Temis
260 ## - Pie de imprenta
Fecha de publicación, distribución, etc. 2005
300 ## - Descripción física
Extensión 282 páginas
490 ## - Serie
Título de la Serie Investigación Criminal
650 ## - Materia general
Temática (materia general) CRIMINOLOGÍA
650 ## - Materia general
Temática (materia general) SABER CIENTÍFICO
650 ## - Materia general
Temática (materia general) POSITIVISMO CRIMINOLÓGICO
650 ## - Materia general
Temática (materia general) CONFLITO
650 ## - Materia general
Temática (materia general) ORIGEN CIENTÍFICO
650 ## - Materia general
Temática (materia general) SOCIOLOGÍA CRIMINAL
650 ## - Materia general
Temática (materia general) SOCIOLOGÍA CRÍTICA
650 ## - Materia general
Temática (materia general) SOCIOLOGÍA DEL CONFLICTO
942 ## - Punto de acceso adicional KOHA
Tipo de ítem KOHA Libro
Fuente del sistema de clasificación o colocación Dewey Decimal Classification
Existencias
Signatura completa Código de barras Programa Académico Tipo de ítem
364 EL37m2 8775 Investigación Criminal Libro
364 EL37m2 13688 Investigación Criminal Libro
364 EL37m2 20402 Investigación Criminal Libro
364 EL37m2 20403 Investigación Criminal Libro